LEADER 01129nam 2200325 n 450 001 996387373703316 005 20221107224526.0 035 $a(CKB)1000000000630331 035 $a(EEBO)2264214336 035 $a(UnM)9958699100971 035 $a(EXLCZ)991000000000630331 100 $a19951129d1674 uy 101 0 $alat 135 $aurbn||||a|bb| 200 00$aGenerosissimo, amplissimoque viro, domino domino oberto [sic] Vinaro$b[electronic resource] $eLondinensium praetori, equiti aurato, & baronetto 210 $a[London $cs.n.$d1674] 215 $a1 sheet ([1] p.) 300 $aPossibly by Elkanah Settle. Cf. DNB Robert Viner. 300 $aTitle followed by an anagram on "Robertus Vinarus". 300 $aVerse: "Laet a dies sulsit, ..." 300 $aReproduction of original in the British Library. 330 $aeebo-0018 701 $aSettle$b Elkanah$f1648-1724.$0815635 801 0$bCu-RivES 801 1$bCu-RivES 801 2$bCu-RivES 906 $aBOOK 912 $a996387373703316 996 $aGenerosissimo, amplissimoque viro, domino domino oberto Vinaro$92416436 997 $aUNISA LEADER 01835nam0-2200349---450 001 9910311560303321 005 20250320215815.0 012 $am.um a-u- 4.lo toce (3) 1825 (R)$2fei$5IT-NA0338: c II 3 012 $am.um a-u- 4.lo toce (3) 1825 (R)$2fei$5IT-NA0338: O a 3 100 $a20190306d1825----km-y0itay50------ba 101 0 $alat 102 $aIT 140 $aa-----------------bb0------- 200 1 $aPlantarum Brasiliensium nova genera et species novae, vel minus cognitae. Collegit, et descripsit Iosephus Raddius ... Pars I. (Filices) 210 $aFlorentiae$cex typographia Aloisii Pezzati$d1825 215 $a[5], 2-87, [2], 88-101, [3] p., 84 [i.e. 97, per la presenza di vari bis: 4 bis, 8 bis, 22 bis, 31 bis, 36 bis, 54 bis, 61 bis, 66 bis, 68-72 bis] c. di tav.$cill. litogr.$dfol. 300 $aPubblicata solo la prima parte, cfr. Copac; Abes 307 $aSegn.: ?² [1]² 2-26² ?¹. - Ultima carta bianca 317 $aTimbro ovale: "Bibliotheca Webbiana. Duplicato" sul front.$5IT-NA0338: O a 3 321 1 $aPritzel$b1872$c7391$uhttps://books.google.it/books?id=_FnAgYaaY0AC&printsec=frontcover&hl=it&source=gbs_ge_summary_r&cad=0#v=snippet&q=raddi&f=false 620 $aItalia.$dFirenze 700 1$aRaddi,$bGiuseppe$0759780 719 00$aPezzati,$gLuigi$4650 801 0$aIT$bUNINA$gREICAT$2UNIMARC 856 4 $zVisualizza la versione elettronica in SBNWeb$uhttps://books.google.it/books?id=Pz67enwpV5UC&printsec=frontcover&hl=it&source=gbs_ge_summary_r&cad=0#v=onepage&q&f=false$e20190306 901 $aAQ 912 $a9910311560303321 952 $ac II 3$fDBV 952 $aO a 3$b2414$fDBV 959 $aDBV 996 $aPlantarum Brasiliensium nova genera et species novae, vel minus cognitae. Collegit, et descripsit Iosephus Raddius ... Pars I. (Filices)$91733382 997 $aUNINA